| 000 | 00732nam a2200181Ia 4500 | ||
|---|---|---|---|
| 008 | 090630s9999 xx 000 0 und d | ||
| 082 | _b28117 | ||
| 100 | _aसंपा. डॉ. गुंदेकर श्रीराम. | ||
| 245 |
_aदेशभक्त लिलासार. _cसंपा. डॉ. गुंदेकर श्रीराम. |
||
| 260 |
_b--- _c2003 |
||
| 300 | _a210 | ||
| 600 | _aसंपा. डॉ. गुंदेकर श्रीराम. | ||
| 630 | _aदेशभक्त लिलासार. | ||
| 655 | _aकाव्य. | ||
| 700 | _aसंपा. डॉ. गुंदेकर श्रीराम. | ||
| 730 | _aदेशभक्त लिलासार. | ||
| 942 | _cBOOK | ||
| 999 |
_c279973 _d279973 |
||